10 Most Populated Countries In The World - Statistics

General Stats
  • This quiz has been taken 57 times
  • The average score is 9 of 10
Answer Stats
Hint Answer % Correct
1,419,321,278 people China
100%
345,426,571 people United States
100%
1,450,935,791 people India
98%
144,820,423 people Russia
96%
211,998,573 people Brazil
88%
283,487,931 people Indonesia
82%
232,679,478 people Nigeria
82%
173,562,364 people Bangladesh
78%
251,269,164 people Pakistan
73%
132,059,767 people Ethiopia
55%
No matching quizzes found
Score Distribution
Percent of People with Each Score
Percentile by Number Answered
Your Score History
You have not taken this quiz